05353nam a22004577a 450000500170000001000790001702000260009603500130012203500170013503700080015203700520016008200120021210000430022424501690026726000790043627001100051527001060062530000520073150000380078365000230082165000120084494200470085699900190090395202260092295202500114895202300139895202450162895202300187395202400210395202280234395202280257195202300279995202280302995202420325795202300349995202400372995202280396995202400419795202300443795202280466720180718145248.0 aHIN-87228 राष्ट्रपति-2 - B-691851 B-696810-825 MPLADS a9788189982126c450.00 aB-691853 aB-696810-825 bdpl bआर्य प्रकाशन मंडल a808.856 aरांग्रा, रणवीर aभारत के प्रमुख साहित्यकारों से अन्तरंग बातचीत /cरणवीर रांग्रा aदिल्लीbआर्य प्रकाशन मंडल c2010 a24/4855-56, अंसारी रोड , दरियागंज ,b नई दिल्लीe110002 aIX/221, सरस्वती भंडार, गांधीनगर bदिल्ली e110031 a304पृ.c22सेमी(सजिल्द)  a राष्ट्रपति-2 aऋग्वेद aRigveda 2ddccHNmरांग्रारh808.856 c152158d152158 00102ddc40708NFICaMbMd2018-05-18eआर्य प्रकाशन मंडल/1002/4.5.18/440/4.5.18/9.5.18g450.00l0o808.856 रांग्रारpB-691853r2018-05-18 00:00:00t1v450.00w2018-05-18yHN 001040708NFICaLbLd2018-07-17eआर्य प्रकाशन मंडल/APM-1003/02-07-18/468/13-06-18/11-07-18g450.00l2o808.856 रांग्रारpB-696810r2018-10-30 00:00:00s2018-10-23t1v450.00w2018-07-17yHNzMPLAD 001040708NFICaNPLbNPLd2018-07-17eआर्य प्रकाशन मंडल/APM-1003/02-07-18/468/13-06-18/11-07-18g450.00l0o808.856 रांग्रारpB-696811r2018-07-17 00:00:00t1v450.00yHNzMPLAD 001040708NFICaBL1bBL1d2018-07-17eआर्य प्रकाशन मंडल/APM-1003/02-07-18/468/13-06-18/11-07-18g450.00l5m4o808.856 रांग्रारpB-696812r2020-01-24 00:00:00s2019-12-15t1v450.00yHNzMPLAD 001040708NFICaKGMbKGMd2018-07-17eआर्य प्रकाशन मंडल/APM-1003/02-07-18/468/13-06-18/11-07-18g450.00l0o808.856 रांग्रारpB-696813r2018-07-17 00:00:00t1v450.00yHNzMPLAD 001040708NFICaPRbPRd2018-07-17eआर्य प्रकाशन मंडल/APM-1003/02-07-18/468/13-06-18/11-07-18g450.00l2o808.856 रांग्रारpB-696814r2024-04-15 00:00:00s2024-03-30t1v450.00yHNzMPLAD 001040708NFICaTNbTNd2018-07-17eआर्य प्रकाशन मंडल/APM-1003/02-07-18/468/13-06-18/11-07-18g450.00l0o808.856 रांग्रारpB-696815r2018-07-17 00:00:00t1v450.00yHNzMPLAD 001040708NFICaCJbCJd2018-07-17eआर्य प्रकाशन मंडल/APM-1003/02-07-18/468/13-06-18/11-07-18g450.00l0o808.856 रांग्रारpB-696816r2018-07-17 00:00:00t1v450.00yHNzMPLAD 001040708NFICaDIZbDIZd2018-07-17eआर्य प्रकाशन मंडल/APM-1003/02-07-18/468/13-06-18/11-07-18g450.00l0o808.856 रांग्रारpB-696817r2018-07-17 00:00:00t1v450.00yHNzMPLAD 001040708NFICaJPbJPd2018-07-17eआर्य प्रकाशन मंडल/APM-1003/02-07-18/468/13-06-18/11-07-18g450.00l0o808.856 रांग्रारpB-696818r2018-07-17 00:00:00t1v450.00yHNzMPLAD 001040708NFICaZLSbZLSd2018-07-17eआर्य प्रकाशन मंडल/APM-1003/02-07-18/468/13-06-18/11-07-18g450.00l2o808.856 रांग्रारpB-696819r2021-01-28 00:00:00s2021-01-21t1v450.00yHNzMPLAD 001040708NFICaRKPbRKPd2018-07-17eआर्य प्रकाशन मंडल/APM-1003/02-07-18/468/13-06-18/11-07-18g450.00l0o808.856 रांग्रारpB-696820r2018-07-17 00:00:00t1v450.00yHNzMPLAD 001040708NFICaVPbVPd2018-07-17eआर्य प्रकाशन मंडल/APM-1003/02-07-18/468/13-06-18/11-07-18g450.00l1o808.856 रांग्रारpB-696821r2023-06-12 00:00:00s2023-06-07t1v450.00yHNzMPLAD 001040708NFICaNRbNRd2018-07-17eआर्य प्रकाशन मंडल/APM-1003/02-07-18/468/13-06-18/11-07-18g450.00l0o808.856 रांग्रारpB-696822r2018-07-17 00:00:00t1v450.00yHNzMPLAD 001040708NFICaBNbBNd2018-07-17eआर्य प्रकाशन मंडल/APM-1003/02-07-18/468/13-06-18/11-07-18g450.00l1o808.856 रांग्रारpB-696823r2020-01-13 00:00:00s2020-01-10t1v450.00yHNzMPLAD 001040708NFICaBL4bBL4d2018-07-17eआर्य प्रकाशन मंडल/APM-1003/02-07-18/468/13-06-18/11-07-18g450.00l0o808.856 रांग्रारpB-696824r2018-07-17 00:00:00t1v450.00yHNzMPLAD 001040708NFICaYVbYVd2018-07-17eआर्य प्रकाशन मंडल/APM-1003/02-07-18/468/13-06-18/11-07-18g450.00l0o808.856 रांग्रारpB-696825r2018-07-17 00:00:00t1v450.00yHNzMPLAD